00629nam a2200193Ia 4500008004100000020001800041082002100059100001700080245003100097250000700128260003500135300002300170500001900193600003300212650001500245942000700260952015100267999001700418240925s9999 xx 000 0 und d a9788130919041 a820.99171241 MCL aMcleod, John 0aBeginning Post Colonialism aNA aNew Delhi:bViva Booksc,2017. a917p.b0fOriginal aIncludes Index aHumanities & Natural Science aLiterature cBK 001040708HUMaUITUbUITUd2019-01-20eAllied Book Companyg728.00l1o820.99171241 MCLpQ13706r2025-11-03 09:43:55s2025-10-31w2024-09-25yBK c16205d16205